[Event "41th GRE-ch Women 2018"]
[Site "Thessaloniki"]
[Date "2018.12.15"]
[Round "4"]
[White "Skaraki, Antigoni"]
[Black "Nikolaidou, Eleni"]
[Result "1-0"]
[WhiteElo "2012"]
[BlackElo "1707"]
[Annotator "NA"]
[PlyCount "157"]
[EventDate "2018.12.12"]
[EventType "tourn"]
[EventCountry "GRE"]
[SourceTitle "playchess.com"]
[Source "ChessBase"]
[SourceQuality "1"]
[TimeControl "40/5400+30:1800+30"]

1. d4 {[%emt 0:00:00]} Nf6 {[%emt 0:00:00]} 2. Bf4 {[%emt 0:00:00]} e6 {[%emt 0:00:19]} 3. Nc3 {[%emt 0:01:04]} Bb4 {[%emt 0:01:12]} 4. a3 {[%emt 0:06:07]} Bxc3+ {[%emt 0:01:28]} 5. bxc3 {[%emt 0:00:06]} c5 {[%emt 0:00:23]} 6. Qd3 {[%emt 0:10:58]} d5 {[%emt 0:03:21]} 7. Bg5 {[%emt 0:22:40]} cxd4 {[%emt 0:11:23]} 8. cxd4 {[%emt 0:00:32]} Qa5+ {[%emt 0:01:23]} 9. Qd2 {[%emt 0:05:24]} Qxd2+ {[%emt 0:00:10]} 10. Bxd2 {[%emt 0:00:02]} Nc6 {[%emt 0:00:39]} 11. e3 {[%emt 0:01:48]} O-O {[%emt 0:05:53]} 12. Bd3 {[%emt 0:04:16]} Bd7 {[%emt 0:20:08]} 13. Ne2 {[%emt 0:07:35]} a6 {[%emt 0:06:45]} 14. Nc1 {[%emt 0:09:08]} Rfc8 {[%emt 0:11:15]} 15. Nb3 {[%emt 0:03:35]} Be8 {[%emt 0:09:25]} 16. f3 {[%emt 0:01:32]} e5 {[%emt 0:02:26]} 17. Kf2 {[%emt 0:01:34]} g6 {[%emt 0:04:06]} 18. Rab1 {[%emt 0:00:51]} b5 {[%emt 0:00:41]} 19. Rb2 {[%emt 0:04:09]} Nd7 {[%emt 0:03:14]} 20. e4 {[%emt 0:11:09]} Nxd4 {[%emt 0:00:53]} 21. Nxd4 {[%emt 0:00:16]} exd4 {[%emt 0:00:08]} 22. exd5 {[%emt 0:00:01]} Nb6 {[%emt 0:02:01]} 23. d6 {[%emt 0:00:59]} Nc4 {[%emt 0:00:57]} 24. Bxc4 {[%emt 0:00:05]} Rxc4 {[%emt 0:00:09]} 25. Re1 {[%emt 0:01:00]} Bd7 {[%emt 0:01:13]} 26. Re7 {[%emt 0:00:41]} Be6 {[%emt 0:02:41]} 27. Bg5 {[%emt 0:01:05]} Kg7 {[%emt 0:01:09]} 28. d7 {[%emt 0:02:06]} h6 {[%emt 0:03:03]} 29. Rxe6 {[%emt 0:02:20]} fxe6 {[%emt 0:00:44]} 30. d8=Q {[%emt 0:00:03]} Rxd8 {[%emt 0:00:10]} 31. Bxd8 {[%emt 0:00:02]} Kf7 {[%emt 0:00:56]} 32. Ke2 {[%emt 0:00:54]} e5 {[%emt 0:02:33]} 33. Kd2 {[%emt 0:00:15]} Ke6 {[%emt 0:00:08]} 34. Rb1 {[%emt 0:01:12]} Kd7 {[%emt 0:02:44]} 35. Bf6 {[%emt 0:00:27]} Ke6 {[%emt 0:00:15]} 36. Bg7 {[%emt 0:00:41]} Rc7 {[%emt 0:01:48]} 37. Bxh6 {[%emt 0:01:22]} Rh7 {[%emt 0:00:16]} 38. Bf8 {[%emt 0:00:12]} Rxh2 {[%emt 0:00:22]} 39. Rg1 {[%emt 0:00:04]} a5 {[%emt 0:01:24]} 40. Kd3 {[%emt 0:00:00]} Rh8 {[%emt 0:00:00]} 41. Bg7 {[%emt 0:06:19]} Rh7 {[%emt 0:02:48]} 42. Bxe5 {[%emt 0:14:09]} Kxe5 {[%emt 0:00:14]} 43. Re1+ {[%emt 0:00:01]} Kd5 {[%emt 0:07:41]} 44. Re4 {[%emt 0:00:04]} Rh2 {[%emt 0:00:22]} 45. Rxd4+ {[%emt 0:00:11]} Ke5 {[%emt 0:00:32]} 46. Rg4 {[%emt 0:03:15]} Kf6 {[%emt 0:01:49]} 47. Kd4 {[%emt 0:01:58]} Rh1 {[%emt 0:01:56]} 48. Kc5 {[%emt 0:00:37]} Rb1 {[%emt 0:05:00]} 49. Rd4 {[%emt 0:05:35]} Rb2 {[%emt 0:03:30]} 50. Rd2 {[%emt 0:00:34]} b4 {[%emt 0:01:39]} 51. axb4 {[%emt 0:00:41]} Rxb4 {[%emt 0:00:10]} 52. c4 {[%emt 0:01:02]} Ke5 {[%emt 0:03:40]} 53. Re2+ {[%emt 0:01:06]} Kf5 {[%emt 0:00:36]} 54. Ra2 {[%emt 0:00:13]} Kf4 {[%emt 0:00:31]} 55. Rxa5 {[%emt 0:01:09]} Rb2 {[%emt 0:00:10]} 56. Kd6 {[%emt 0:00:48]} Rxg2 {[%emt 0:00:15]} 57. Ra3 {[%emt 0:00:17]} Rd2+ {[%emt 0:01:14]} 58. Kc6 {[%emt 0:00:04]} Ke5 {[%emt 0:03:03]} 59. c5 {[%emt 0:00:21]} g5 {[%emt 0:03:12]} 60. Kb7 {[%emt 0:02:08]} Rb2+ {[%emt 0:01:20]} 61. Kc7 {[%emt 0:00:06]} Ke6 {[%emt 0:00:44]} 62. c6 {[%emt 0:00:12]} Rb4 {[%emt 0:01:14]} 63. Kc8 {[%emt 0:00:39]} g4 {[%emt 0:00:48]} 64. fxg4 {[%emt 0:00:25]} Rxg4 {[%emt 0:00:07]} 65. c7 {[%emt 0:01:07]} Ke7 {[%emt 0:01:11]} 66. Kb7 {[%emt 0:01:39]} Rb4+ {[%emt 0:00:35]} 67. Kc6 {[%emt 0:00:04]} Rc4+ {[%emt 0:00:13]} 68. Kb6 {[%emt 0:00:15]} Rb4+ {[%emt 0:00:37]} 69. Kc6 {[%emt 0:01:26]} Rc4+ {[%emt 0:00:10]} 70. Kb7 {[%emt 0:00:08]} Rb4+ {[%emt 0:00:15]} 71. Kc8 {[%emt 0:00:03]} Rb2 {[%emt 0:01:08]} 72. Re3+ {[%emt 0:00:05]} Kf7 {[%emt 0:00:22]} 73. Re4 {[%emt 0:00:07]} Kf6 {[%emt 0:00:17]} 74. Kd7 {[%emt 0:00:08]} Rd2+ {[%emt 0:00:10]} 75. Kc6 {[%emt 0:00:06]} Rc2+ {[%emt 0:00:13]} 76. Kd6 {[%emt 0:00:08]} Kf7 {[%emt 0:01:37]} 77. Re5 {[%emt 0:00:25]} Kf6 {[%emt 0:00:25]} 78. Rc5 {[%emt 0:00:07]} Rd2+ {[%emt 0:00:00]} 79. Kc6 {[%emt 0:00:07]} 1-0

[Event "41th GRE-ch Women 2018"]
[Site "Thessaloniki"]
[Date "2018.12.16"]
[Round "5"]
[White "Fragkou, Eleni"]
[Black "Makka, Ioulia"]
[Result "0-1"]
[WhiteElo "2031"]
[BlackElo "2065"]
[Annotator "NA"]
[PlyCount "82"]
[EventDate "2018.12.12"]
[EventType "tourn"]
[EventCountry "GRE"]
[SourceTitle "playchess.com"]
[Source "ChessBase"]
[SourceQuality "1"]
[TimeControl "40/5400+30:1800+30"]

1. e4 {[%emt 0:00:00]} c6 {[%emt 0:00:00]} 2. d4 {[%emt 0:00:00]} d6 {[%emt 0:00:16]} 3. c4 {[%emt 0:02:30]} Nd7 {[%emt 0:03:24]} 4. Nc3 {[%emt 0:03:05]} g6 {[%emt 0:02:22]} 5. Be3 {[%emt 0:03:12]} Bg7 {[%emt 0:02:26]} 6. Qd2 {[%emt 0:12:27]} a6 {[%emt 0:03:45]} 7. Bd3 {[%emt 0:16:14]} e5 {[%emt 0:20:24]} 8. Nge2 {[%emt 0:01:37]} Ndf6 {[%emt 0:08:19]} 9. f3 {[%emt 0:04:10]} h5 {[%emt 0:07:31]} 10. O-O {[%emt 0:28:48]} h4 {[%emt 0:09:06]} 11. h3 {[%emt 0:06:50]} Nh5 {[%emt 0:03:00]} 12. f4 {[%emt 0:01:17]} Ng3 {[%emt 0:07:30]} 13. Rf3 {[%emt 0:00:31]} Qe7 {[%emt 0:09:55]} 14. dxe5 {[%emt 0:07:23]} Nxe2+ {[%emt 0:00:35]} 15. Qxe2 {[%emt 0:00:29]} dxe5 {[%emt 0:00:53]} 16. Qf2 {[%emt 0:05:24]} exf4 {[%emt 0:02:10]} 17. Bc5 {[%emt 0:00:52]} Qe5 {[%emt 0:02:13]} 18. Rxf4 {[%emt 0:01:47]} Be6 {[%emt 0:00:15]} 19. Bb6 {[%emt 0:00:47]} Ne7 {[%emt 0:09:55]} 20. Rf1 {[%emt 0:00:54]} O-O {[%emt 0:01:57]} 21. Rxh4 {[%emt 0:00:50]} Nc8 {[%emt 0:00:59]} 22. Be3 {[%emt 0:00:39]} Rd8 {[%emt 0:00:19]} 23. Be2 {[%emt 0:00:34]} Nd6 {[%emt 0:00:45]} 24. Bf4 {[%emt 0:00:45]} Qd4 {[%emt 0:01:29]} 25. Be3 {[%emt 0:00:23]} Qe5 {[%emt 0:00:20]} 26. c5 {[%emt 0:00:38]} Nc4 {[%emt 0:00:32]} 27. Bxc4 {[%emt 0:00:42]} Bxc4 {[%emt 0:00:05]} 28. Re1 {[%emt 0:00:22]} Rd3 {[%emt 0:00:42]} 29. Bf4 {[%emt 0:00:38]} Qd4 {[%emt 0:01:06]} 30. Be3 {[%emt 0:00:31]} Qe5 {[%emt 0:01:16]} 31. Bf4 {[%emt 0:00:32]} Qe7 {[%emt 0:00:50]} 32. Be3 {[%emt 0:00:38]} Rxe3 {[%emt 0:00:57]} 33. Rxe3 {[%emt 0:00:15]} Bd4 {[%emt 0:00:14]} 34. Rg4 {[%emt 0:00:24]} Qxc5 {[%emt 0:00:27]} 35. Nd1 {[%emt 0:00:39]} Bxa2 {[%emt 0:00:46]} 36. b4 {[%emt 0:00:28]} Qc1 {[%emt 0:00:33]} 37. Qxa2 {[%emt 0:00:40]} Bxe3+ {[%emt 0:00:21]} 38. Kh2 {[%emt 0:00:07]} Qxd1 {[%emt 0:00:12]} 39. Rxg6+ {[%emt 0:00:05]} Kf8 {[%emt 0:00:37]} 40. Rf6 {[%emt 0:00:00]} Bg1+ 41. Kg3 {[%emt 0:00:37]} Qe1+ {[%emt 0:03:14]} 0-1

[Event "41th GRE-ch Women 2018"]
[Site "Thessaloniki"]
[Date "2018.12.16"]
[Round "5"]
[White "Androni, Konstantina"]
[Black "Skaraki, Antigoni"]
[Result "1-0"]
[WhiteElo "1912"]
[BlackElo "2012"]
[Annotator "NA"]
[PlyCount "69"]
[EventDate "2018.12.12"]
[EventType "tourn"]
[EventCountry "GRE"]
[SourceTitle "playchess.com"]
[Source "ChessBase"]
[SourceQuality "1"]
[TimeControl "40/5400+30:1800+30"]

1. d4 {[%emt 0:00:00]} g6 {[%emt 0:00:00]} 2. e4 {[%emt 0:02:53]} Bg7 {[%emt 0:00:00]} 3. c4 {[%emt 0:02:42]} d6 {[%emt 0:00:13]} 4. Nc3 {[%emt 0:00:10]} Nf6 {[%emt 0:00:35]} 5. Bg5 {[%emt 0:00:12]} O-O {[%emt 0:00:45]} 6. Qd2 {[%emt 0:00:12]} c5 {[%emt 0:08:22]} 7. d5 {[%emt 0:00:15]} Qa5 {[%emt 0:00:21]} 8. Bd3 {[%emt 0:00:58]} Nbd7 {[%emt 0:14:55]} 9. f4 {[%emt 0:04:42]} e6 {[%emt 0:07:50]} 10. Nge2 {[%emt 0:00:45]} exd5 {[%emt 0:00:30]} 11. exd5 {[%emt 0:00:25]} Re8 {[%emt 0:01:05]} 12. O-O {[%emt 0:00:08]} b5 {[%emt 0:18:16]} 13. cxb5 {[%emt 0:24:26]} Nxd5 {[%emt 0:00:08]} 14. f5 {[%emt 0:02:03]} Bb7 {[%emt 0:08:21]} 15. Bh6 {[%emt 0:12:15]} Nxc3 {[%emt 0:06:25]} 16. Nxc3 {[%emt 0:00:28]} Bd4+ {[%emt 0:00:43]} 17. Kh1 {[%emt 0:00:01]} Ne5 {[%emt 0:00:29]} 18. fxg6 {[%emt 0:14:42]} hxg6 {[%emt 0:00:04]} 19. Qf4 {[%emt 0:04:16]} Qd8 {[%emt 0:09:42]} 20. Be4 {[%emt 0:01:44]} d5 {[%emt 0:01:10]} 21. Bc2 {[%emt 0:07:32]} Re6 {[%emt 0:00:14]} 22. Bg5 {[%emt 0:03:20]} Qf8 {[%emt 0:03:14]} 23. Rad1 {[%emt 0:02:11]} Rae8 {[%emt 0:05:09]} 24. Qh4 {[%emt 0:00:36]} f5 {[%emt 0:02:10]} 25. Ne2 {[%emt 0:05:54]} Ng4 {[%emt 0:05:41]} 26. Nxd4 {[%emt 0:00:24]} cxd4 {[%emt 0:00:01]} 27. Rxd4 {[%emt 0:03:28]} Qc5 {[%emt 0:00:03]} 28. Rxg4 {[%emt 0:00:48]} fxg4 {[%emt 0:06:54]} 29. Bf6 {[%emt 0:00:16]} Rxf6 {[%emt 0:00:26]} 30. Qxf6 {[%emt 0:00:03]} Qe7 {[%emt 0:00:34]} 31. Qxg6+ {[%emt 0:00:06]} Kh8 {[%emt 0:00:08]} 32. Qh5+ {[%emt 0:00:41]} Kg8 {[%emt 0:00:06]} 33. Bg6 {[%emt 0:03:49]} Rf8 {[%emt 0:00:53]} 34. Rxf8+ {[%emt 0:00:12]} Kxf8 {[%emt 0:00:15]} 35. Qh8# {[%emt 0:00:01]} 1-0

[Event "41th GRE-ch Women 2018"]
[Site "Thessaloniki"]
[Date "2018.12.16"]
[Round "5"]
[White "Tsivelekidou, Evgenia"]
[Black "Pavlidou, Ekaterini"]
[Result "0-1"]
[WhiteElo "1861"]
[BlackElo "2185"]
[Annotator "NA"]
[PlyCount "78"]
[EventDate "2018.12.12"]
[EventType "tourn"]
[EventCountry "GRE"]
[SourceTitle "playchess.com"]
[Source "ChessBase"]
[SourceQuality "1"]
[TimeControl "40/5400+30:1800+30"]

1. e4 {[%emt 0:00:00]} c5 {[%emt 0:00:25]} 2. Nf3 {[%emt 0:00:00]} Nc6 {[%emt 0:02:31]} 3. Bb5 {[%emt 0:00:00]} Qc7 {[%emt 0:02:31]} 4. c3 {[%emt 0:01:39]} Nf6 {[%emt 0:00:29]} 5. Qe2 {[%emt 0:00:32]} a6 {[%emt 0:01:19]} 6. Ba4 {[%emt 0:00:49]} b5 {[%emt 0:00:27]} 7. Bc2 {[%emt 0:00:24]} e5 {[%emt 0:02:03]} 8. O-O {[%emt 0:02:36]} d6 {[%emt 0:01:09]} 9. d3 {[%emt 0:01:40]} h6 {[%emt 0:01:07]} 10. Nbd2 {[%emt 0:02:27]} Be6 {[%emt 0:07:52]} 11. Rd1 {[%emt 0:04:50]} g6 {[%emt 0:07:07]} 12. Nf1 {[%emt 0:08:57]} Bg7 {[%emt 0:00:10]} 13. h3 {[%emt 0:04:02]} d5 {[%emt 0:12:33]} 14. a4 {[%emt 0:10:18]} O-O {[%emt 0:01:58]} 15. Bd2 {[%emt 0:09:21]} d4 {[%emt 0:03:45]} 16. cxd4 {[%emt 0:07:51]} cxd4 {[%emt 0:02:04]} 17. Rdc1 {[%emt 0:03:05]} Qd6 {[%emt 0:02:08]} 18. Qd1 {[%emt 0:14:43]} Rfb8 {[%emt 0:21:43]} 19. Bb3 {[%emt 0:02:14]} b4 {[%emt 0:10:24]} 20. a5 {[%emt 0:05:37]} Bxb3 {[%emt 0:01:29]} 21. Qxb3 {[%emt 0:00:06]} Rb5 {[%emt 0:00:16]} 22. Qc4 {[%emt 0:04:52]} Rc8 {[%emt 0:00:41]} 23. Ra4 {[%emt 0:02:12]} Bf8 {[%emt 0:00:37]} 24. Ng3 {[%emt 0:02:11]} Nd7 {[%emt 0:01:38]} 25. h4 {[%emt 0:03:45]} Ne7 {[%emt 0:01:42]} 26. Qa2 {[%emt 0:01:43]} Rxc1+ {[%emt 0:00:14]} 27. Bxc1 {[%emt 0:00:05]} Nc5 {[%emt 0:00:29]} 28. h5 {[%emt 0:01:17]} Nxa4 {[%emt 0:02:52]} 29. Qxa4 {[%emt 0:00:04]} Qc5 {[%emt 0:02:44]} 30. Bd2 {[%emt 0:00:47]} b3 {[%emt 0:02:44]} 31. hxg6 {[%emt 0:01:09]} fxg6 {[%emt 0:00:35]} 32. Ne1 {[%emt 0:00:42]} Nc6 {[%emt 0:00:56]} 33. f4 {[%emt 0:01:13]} exf4 {[%emt 0:02:09]} 34. Bxf4 {[%emt 0:00:09]} Qb4 {[%emt 0:00:37]} 35. Qa1 {[%emt 0:00:51]} Bd6 {[%emt 0:00:14]} 36. Ne2 {[%emt 0:01:43]} Bxf4 {[%emt 0:01:06]} 37. Nxf4 {[%emt 0:00:05]} Qd2 {[%emt 0:00:51]} 38. Nd5 {[%emt 0:01:04]} Rxa5 {[%emt 0:00:34]} 39. Qb1 {[%emt 0:00:08]} Rc5 {[%emt 0:00:39]} 0-1

[Event "41th GRE-ch Women 2018"]
[Site "Thessaloniki"]
[Date "2018.12.16"]
[Round "5"]
[White "Petraki, Evaggelia"]
[Black "Markantonaki, Haritomeni"]
[Result "1-0"]
[WhiteElo "1756"]
[BlackElo "2152"]
[Annotator "NA"]
[PlyCount "113"]
[EventDate "2018.12.12"]
[EventType "tourn"]
[EventCountry "GRE"]
[SourceTitle "playchess.com"]
[Source "ChessBase"]
[SourceQuality "1"]
[TimeControl "40/5400+30:1800+30"]

1. e4 {[%emt 0:00:00]} c5 {[%emt 0:00:00]} 2. Nf3 {[%emt 0:00:00]} e6 {[%emt 0:00:00]} 3. d4 {[%emt 0:00:00]} cxd4 {[%emt 0:00:00]} 4. Nxd4 {[%emt 0:00:00]} Nc6 {[%emt 0:00:04]} 5. Nc3 {[%emt 0:00:00]} Qc7 {[%emt 0:00:15]} 6. Qd3 {[%emt 0:00:00]} a6 {[%emt 0:01:29]} 7. Nxc6 {[%emt 0:00:01]} bxc6 {[%emt 0:00:46]} 8. Qg3 {[%emt 0:01:01]} d6 {[%emt 0:02:52]} 9. Bc4 {[%emt 0:04:04]} Ne7 {[%emt 0:05:56]} 10. Be3 {[%emt 0:05:12]} Ng6 {[%emt 0:00:56]} 11. h4 {[%emt 0:02:50]} Ne5 {[%emt 0:03:13]} 12. Bb3 {[%emt 0:00:15]} c5 {[%emt 0:01:05]} 13. f4 {[%emt 0:08:38]} Nc6 {[%emt 0:00:12]} 14. Rd1 {[%emt 0:00:06]} Bd7 {[%emt 0:06:07]} 15. O-O {[%emt 0:02:58]} O-O-O {[%emt 0:09:27]} 16. Bc4 {[%emt 0:00:36]} Kb7 {[%emt 0:03:06]} 17. f5 {[%emt 0:10:22]} Ne5 {[%emt 0:02:09]} 18. Be2 {[%emt 0:07:00]} Be7 {[%emt 0:01:39]} 19. Bf4 {[%emt 0:02:47]} Bf6 {[%emt 0:00:23]} 20. Nb1 {[%emt 0:03:22]} h5 {[%emt 0:12:10]} 21. Rd2 {[%emt 0:15:35]} Bc6 {[%emt 0:12:45]} 22. Re1 {[%emt 0:10:11]} Qb6 {[%emt 0:07:43]} 23. Na3 {[%emt 0:03:56]} Bxe4 {[%emt 0:07:05]} 24. fxe6 {[%emt 0:00:51]} fxe6 {[%emt 0:01:47]} 25. Bxa6+ {[%emt 0:01:48]} Kxa6 {[%emt 0:01:48]} 26. Rxe4 {[%emt 0:00:10]} Qc6 {[%emt 0:01:51]} 27. Re1 {[%emt 0:06:08]} Rd7 {[%emt 0:04:27]} 28. Red1 {[%emt 0:08:22]} Rhd8 {[%emt 0:00:27]} 29. Qe3 {[%emt 0:03:42]} Rb8 {[%emt 0:05:27]} 30. Qe2+ {[%emt 0:01:04]} Ka7 {[%emt 0:00:19]} 31. c3 {[%emt 0:01:14]} Rbd8 {[%emt 0:04:26]} 32. Nc4 Nxc4 {[%emt 0:00:16]} 33. Qxc4 {[%emt 0:01:25]} d5 {[%emt 0:01:35]} 34. Qe2 {[%emt 0:00:43]} g6 {[%emt 0:00:55]} 35. Qf2 {[%emt 0:02:21]} e5 {[%emt 0:00:33]} 36. Bg5 Bxg5 {[%emt 0:00:50]} 37. hxg5 {[%emt 0:00:37]} d4 {[%emt 0:01:12]} 38. b4 {[%emt 0:00:04]} cxb4 {[%emt 0:00:38]} 39. cxd4 {[%emt 0:00:10]} Qb6 {[%emt 0:00:35]} 40. d5 {[%emt 0:00:00]} Qxf2+ {[%emt 0:00:00]} 41. Kxf2 {[%emt 0:03:58]} Kb6 {[%emt 0:07:14]} 42. Ke3 {[%emt 0:00:38]} Rf8 {[%emt 0:03:03]} 43. Rc1 {[%emt 0:03:21]} Rd6 {[%emt 0:00:21]} 44. Ke4 {[%emt 0:02:12]} Rf5 {[%emt 0:00:31]} 45. Rdc2 {[%emt 0:00:57]} Rxg5 {[%emt 0:00:41]} 46. Rc6+ {[%emt 0:00:05]} Rxc6 {[%emt 0:00:04]} 47. Rxc6+ {[%emt 0:00:02]} Kb7 {[%emt 0:02:26]} 48. Rc2 {[%emt 0:00:04]} Rf5 {[%emt 0:05:01]} 49. d6 {[%emt 0:04:25]} Rf1 {[%emt 0:00:46]} 50. Kxe5 {[%emt 0:00:19]} Re1+ {[%emt 0:01:03]} 51. Kf6 {[%emt 0:00:05]} Rd1 {[%emt 0:01:03]} 52. Ke7 {[%emt 0:00:07]} Re1+ {[%emt 0:00:07]} 53. Kd8 {[%emt 0:00:15]} Rd1 {[%emt 0:00:31]} 54. d7 {[%emt 0:00:09]} Rd3 {[%emt 0:03:18]} 55. Re2 {[%emt 0:03:11]} Kc6 {[%emt 0:02:12]} 56. Kc8 {[%emt 0:00:58]} Rxd7 {[%emt 0:01:00]} 57. Rc2+ {[%emt 0:00:03]} 1-0

[Event "41th GRE-ch Women 2018"]
[Site "Thessaloniki"]
[Date "2018.12.16"]
[Round "5"]
[White "Nikolaidou, Eleni"]
[Black "Grapsa, Georgia"]
[Result "0-1"]
[WhiteElo "1707"]
[BlackElo "2097"]
[Annotator "NA"]
[PlyCount "64"]
[EventDate "2018.12.12"]
[EventType "tourn"]
[EventCountry "GRE"]
[SourceTitle "playchess.com"]
[Source "ChessBase"]
[SourceQuality "1"]
[TimeControl "40/5400+30:1800+30"]

1. d4 {[%emt 0:00:00]} Nf6 {[%emt 0:00:00]} 2. c4 {[%emt 0:00:07]} e6 {[%emt 0:00:00]} 3. Nc3 {[%emt 0:00:13]} Bb4 {[%emt 0:00:00]} 4. Nf3 {[%emt 0:00:55]} b6 {[%emt 0:00:16]} 5. Bg5 {[%emt 0:03:31]} h6 {[%emt 0:01:21]} 6. Bh4 {[%emt 0:00:32]} Bb7 {[%emt 0:04:37]} 7. e3 {[%emt 0:02:13]} g5 {[%emt 0:02:09]} 8. Bg3 {[%emt 0:00:17]} Ne4 {[%emt 0:00:03]} 9. Qc2 {[%emt 0:05:29]} f5 {[%emt 0:08:02]} 10. Ne5 {[%emt 0:14:54]} Qf6 {[%emt 0:07:43]} 11. Nd3 {[%emt 0:03:17]} Bxc3+ {[%emt 0:00:10]} 12. bxc3 {[%emt 0:00:09]} d6 {[%emt 0:01:32]} 13. c5 {[%emt 0:15:06]} bxc5 {[%emt 0:04:29]} 14. Rb1 {[%emt 0:01:19]} Bc6 {[%emt 0:00:26]} 15. f3 {[%emt 0:01:58]} Nxg3 {[%emt 0:01:18]} 16. hxg3 {[%emt 0:00:00]} Nd7 {[%emt 0:01:33]} 17. Nf2 {[%emt 0:10:22]} e5 {[%emt 0:22:59]} 18. g4 {[%emt 0:02:46]} exd4 {[%emt 0:03:30]} 19. cxd4 {[%emt 0:00:12]} f4 {[%emt 0:04:29]} 20. Ne4 {[%emt 0:10:14]} Bxe4 {[%emt 0:02:46]} 21. Qxe4+ {[%emt 0:00:17]} Kf7 {[%emt 0:00:03]} 22. Bb5 {[%emt 0:15:22]} Nb6 {[%emt 0:03:59]} 23. O-O {[%emt 0:05:22]} d5 {[%emt 0:01:12]} 24. Qc2 {[%emt 0:00:15]} c4 {[%emt 0:00:45]} 25. Rbd1 {[%emt 0:02:55]} c6 {[%emt 0:02:42]} 26. Ba4 {[%emt 0:00:17]} fxe3 {[%emt 0:00:11]} 27. Rfe1 {[%emt 0:00:28]} Rae8 {[%emt 0:00:45]} 28. Re2 {[%emt 0:01:23]} Kg7 {[%emt 0:03:16]} 29. Rde1 {[%emt 0:00:23]} h5 {[%emt 0:04:53]} 30. Rxe3 {[%emt 0:01:27]} Rxe3 {[%emt 0:00:40]} 31. Rxe3 {[%emt 0:00:07]} Nxa4 {[%emt 0:00:17]} 32. Qxa4 {[%emt 0:00:22]} Qxd4 {[%emt 0:00:07]} 0-1

[Event "41th GRE-ch Women 2018"]
[Site "Thessaloniki"]
[Date "2018.12.17"]
[Round "6"]
[White "Pavlidou, Ekaterini"]
[Black "Petraki, Evaggelia"]
[Result "1-0"]
[WhiteElo "2185"]
[BlackElo "1756"]
[Annotator "NA"]
[PlyCount "59"]
[EventDate "2018.12.12"]
[EventType "tourn"]
[EventCountry "GRE"]
[SourceTitle "playchess.com"]
[Source "ChessBase"]
[SourceQuality "1"]
[TimeControl "40/5400+30:1800+30"]

1. d4 {[%emt 0:00:00]} Nf6 {[%emt 0:00:00]} 2. c4 {[%emt 0:00:00]} e6 {[%emt 0:00:00]} 3. Nc3 {[%emt 0:00:15]} Bb4 {[%emt 0:00:00]} 4. a3 {[%emt 0:00:15]} Bxc3+ {[%emt 0:00:00]} 5. bxc3 {[%emt 0:00:09]} d6 {[%emt 0:03:35]} 6. f3 {[%emt 0:03:21]} Nh5 {[%emt 0:01:11]} 7. Nh3 {[%emt 0:03:57]} f5 {[%emt 0:00:52]} 8. Bg5 {[%emt 0:06:29]} Nf6 {[%emt 0:03:07]} 9. e4 {[%emt 0:00:15]} h6 {[%emt 0:02:37]} 10. Bd2 {[%emt 0:03:06]} fxe4 {[%emt 0:07:46]} 11. fxe4 {[%emt 0:00:18]} e5 {[%emt 0:00:20]} 12. Nf2 {[%emt 0:04:43]} Qe7 {[%emt 0:04:32]} 13. Be2 {[%emt 0:05:03]} O-O $15 {[%emt 0:02:42]} 14. Qb1 {[%emt 0:23:47]} Nbd7 {[%emt 0:15:14]} 15. O-O {[%emt 0:07:00]} exd4 {[%emt 0:03:38]} 16. cxd4 {[%emt 0:00:08]} c5 {[%emt 0:00:05]} 17. d5 {[%emt 0:01:24]} Ne5 {[%emt 0:01:43]} 18. h3 {[%emt 0:00:09]} Qe8 {[%emt 0:06:36]} 19. Bc3 {[%emt 0:03:52]} Ng6 {[%emt 0:09:24]} 20. Qb2 {[%emt 0:03:11]} Nh4 {[%emt 0:07:03]} 21. g3 {[%emt 0:12:38]} Qg6 {[%emt 0:14:09]} 22. Kh2 {[%emt 0:00:22]} Nh5 {[%emt 0:06:26]} 23. Bxh5 {[%emt 0:08:09]} Qxh5 {[%emt 0:00:02]} 24. gxh4 {[%emt 0:00:50]} Qf3 {[%emt 0:00:42]} 25. Ng4 {[%emt 0:01:10]} Qxe4 {[%emt 0:00:18]} 26. Rxf8+ {[%emt 0:00:14]} Kxf8 {[%emt 0:00:02]} 27. Bxg7+ {[%emt 0:01:07]} Ke7 {[%emt 0:00:09]} 28. Rf1 {[%emt 0:00:41]} Bxg4 {[%emt 0:00:57]} 29. hxg4 {[%emt 0:00:19]} Qxg4 {[%emt 0:02:41]} 30. Qxb7+ {[%emt 0:00:12]} 1-0

[Event "41th GRE-ch Women 2018"]
[Site "Thessaloniki"]
[Date "2018.12.17"]
[Round "6"]
[White "Markantonaki, Haritomeni"]
[Black "Fragkou, Eleni"]
[Result "1-0"]
[WhiteElo "2152"]
[BlackElo "2031"]
[Annotator "NA"]
[PlyCount "73"]
[EventDate "2018.12.12"]
[EventType "tourn"]
[EventCountry "GRE"]
[SourceTitle "playchess.com"]
[Source "ChessBase"]
[SourceQuality "1"]
[TimeControl "40/5400+30:1800+30"]

1. e4 {[%emt 0:00:00]} c5 {[%emt 0:00:00]} 2. Nf3 {[%emt 0:00:00]} d6 {[%emt 0:00:00]} 3. d4 {[%emt 0:00:00]} cxd4 {[%emt 0:00:00]} 4. Nxd4 {[%emt 0:00:00]} Nf6 {[%emt 0:00:00]} 5. Nc3 {[%emt 0:00:00]} a6 {[%emt 0:00:07]} 6. Be3 {[%emt 0:00:40]} e5 {[%emt 0:00:58]} 7. Nb3 {[%emt 0:00:26]} Be6 {[%emt 0:00:27]} 8. f4 {[%emt 0:01:03]} Ng4 {[%emt 0:04:26]} 9. Bd2 {[%emt 0:00:35]} exf4 {[%emt 0:05:48]} 10. Bxf4 {[%emt 0:00:08]} Nc6 {[%emt 0:00:41]} 11. Qd2 {[%emt 0:01:17]} Be7 {[%emt 0:09:27]} 12. O-O-O {[%emt 0:01:46]} O-O {[%emt 0:05:46] LiveBook: 4 Games} 13. h3 {[%emt 0:14:23]} Nge5 {[%emt 0:02:26]} 14. Nd5 $14 {[%emt 0:00:17]} Bxd5 {[%emt 0:13:06]} 15. exd5 {[%emt 0:00:06]} Nb8 {[%emt 0:04:33]} 16. g4 {[%emt 0:03:15]} Nbd7 {[%emt 0:03:08]} 17. Nd4 {[%emt 0:04:00]} Nc5 {[%emt 0:20:43]} 18. Kb1 {[%emt 0:16:23]} Qb6 {[%emt 0:08:43]} 19. g5 {[%emt 0:06:38]} Rfc8 {[%emt 0:07:14]} 20. Nb3 {[%emt 0:04:50]} Ncd7 {[%emt 0:08:43]} 21. h4 {[%emt 0:01:42]} a5 {[%emt 0:01:04]} 22. a3 {[%emt 0:12:49]} a4 {[%emt 0:00:08]} 23. Nc1 {[%emt 0:00:10]} Ra5 {[%emt 0:02:30]} 24. Na2 {[%emt 0:02:04]} Bf8 {[%emt 0:00:43]} 25. Nb4 {[%emt 0:02:57]} Nc4 {[%emt 0:00:23]} 26. Bxc4 {[%emt 0:01:52]} Rxc4 {[%emt 0:00:04]} 27. h5 {[%emt 0:00:43]} Rb5 {[%emt 0:01:03]} 28. Rh3 {[%emt 0:04:19]} Nc5 {[%emt 0:00:21]} 29. Be3 {[%emt 0:02:34]} Qc7 {[%emt 0:00:27]} 30. g6 {[%emt 0:03:16]} Ne4 {[%emt 0:00:47]} 31. gxh7+ {[%emt 0:01:55]} Kh8 {[%emt 0:00:09]} 32. Qd3 {[%emt 0:00:55]} Be7 {[%emt 0:01:10]} 33. Bd4 {[%emt 0:01:16]} Nf6 {[%emt 0:00:36]} 34. h6 {[%emt 0:00:46]} g6 {[%emt 0:00:12]} 35. Rf1 {[%emt 0:00:57]} Rxd4 {[%emt 0:00:10]} 36. Qxd4 {[%emt 0:00:06]} Qd8 {[%emt 0:00:30]} 37. Rhf3 {[%emt 0:00:15]} 1-0